Statistics for The Most Popular Sports In The World

Click here to take the quiz!

General Stats

  • This quiz has been taken 86 times
  • The average score is 9 of 15

Answer Stats

PopularityAnswer% Correct
The most popular sport (4 billion)Football
100%
9th most popular sport (875 million)Basketball
94%
5th most popular sport (1 billion)Tennis
86%
10th most popular sport (500 million)Baseball
82%
11th most popular sport (475 million)Rugby
80%
2nd most popular sport (2.5 billion)Cricket
75%
3rd most popular sport (2 billion)Hockey
69%
15th most popular sport (200 million)Swimming
62%
7th most popular sport (900 million)Volleyball
58%
12th most popular sport (450 million)Golf
52%
8th most popular sport (875 million)Table Tennis
44%
14th most popular sport (220 million)Badminton
41%
6th most popular sport (900 million)Boxing
39%
13th most popular sport (300+ million)Track and Field
20%
4th most popular sport (1 billion+)Racing
14%

Score Distribution

Percentile by Number Answered

Percent of People with Each Score

Your Score History

You have not taken this quiz